El periodismo que remece a Chile

Enregistré dans:
Détails bibliographiques
Collectivité auteur: Centro de Investigación e Información Periodística (Auteur)
Format: Livre
Langue:espagnol
Publié: Santiago Catalonia 2010
Santiago Universidad Diego Portales 2010
Édition:1a. ed
Sujets:
Tags: Ajouter un tag
Pas de tags, Soyez le premier à ajouter un tag!

MARC

LEADER 00000nam a2200000 a 4500
001 UCG5067
003 CL-VaPUC
008 101230e20101000cl |||||||||||||||||spa|d
020 |a 9789563240696 
082 0 4 |a 070.4072  |b CEN  |2 21 
110 2 |a Centro de Investigación e Información Periodística  |e author  |9 554608 
245 1 3 |a El periodismo que remece a Chile 
250 |a 1a. ed 
300 |a 278 p 
942 |c BK 
945 |d 20101230 00:00:00  |a dcastane 
260 |a Santiago  |b Catalonia  |c 2010 
260 |a Santiago  |b Universidad Diego Portales  |c 2010 
650 0 |a Periodismo de investigación  |9 425701 
583 |a last modification  |c 20130807 02:50:18  |k Rodrigo Vera 
999 |c 343639  |d 343637 
952 |0 0  |1 0  |4 0  |6 070_407200000000000_CEN_2010_2010  |7 0  |8 A  |9 441094  |a BIBCUR  |b BIBCUR  |d 2019-11-22  |i 4744969  |l 6  |m 5  |o 070.4072 CEN 2010 2010  |p 4744969  |r 2025-04-22  |s 2022-07-01  |w 2019-11-22  |y BK  |k PER 
952 |0 0  |1 0  |4 0  |6 070_407200000000000_CEN_2010_2010  |7 0  |8 A  |9 441095  |a BIBCUR  |b BIBCUR  |d 2019-11-22  |i 4744977  |l 2  |o 070.4072 CEN 2010 2010  |p 4744977  |r 2025-04-22  |s 2022-05-24  |w 2019-11-22  |y BK  |k PER